World Cup quiz - Statistiques

Statistiques générales
  • Ce quiz a été pris 79 fois
  • Le résultat moyen est 11 sur 22
Statistiques - réponses
Hint Réponse % Correct
2022 Winners Argentina
98%
2018 Winners France
92%
1998 Winners France
85%
2010 Winners Spain
85%
2014 Winners Germany
82%
2006 Winners Italy
82%
2002 Winners Brazil
70%
1994 Winners Brazil
66%
1962 Winners Brazil
51%
1930 Winners Uruguay
48%
1970 Winners Brazil
46%
1986 Winners Argentina
43%
1958 Winners Brazil
41%
1966 Winners England
41%
1978 Winners Argentina
30%
1990 Winners Germany
30%
1938 Winners Italy
30%
1974 Winners Germany
28%
1982 Winners Italy
28%
1934 Winners Italy
26%
1950 Winners Uruguay
23%
1954 Winners Germany
16%
Aucun quiz correspondant
Distribution des résultats
% des personnes avec chaque résultat
Percentile par nombre de réponses
Votre historique - résultats
Vous n’avez pas pris ce quiz